000 00405nam a2200133Ia 4500
008 230917s9999||||xx |||||||||||||| ||und||
040 _e107237
_aMAIN
041 _aEnglish
082 _a910.13014494 S81S
100 _aSativer Singh
245 0 _aSocio - economics status of scheduled castes in rural Haryana : A case study of Rohtak District in Geographic perspective
300 _a143 p.
942 _cTH
999 _c89320
_d89320